Nhật Bản ngày nay
Quyển sách này cung cấp một số thông tin về đất nước Nhật như sơ lược địa lý, lịch sử từ thời cổ xưa đến nay, chính phủ và ngoại giao, kinh tế sau chiến tranh và hiện nay, khoa học kỹ thuật, xã hội và văn hóa...
Guardat en:
| Autor corporatiu: | |
|---|---|
| Format: | Llibre |
| Idioma: | Undetermined |
| Publicat: |
Tokyo
Japan Echo
1993
|
| Matèries: | |
| Etiquetes: |
Afegir etiqueta
Sense etiquetes, Sigues el primer a etiquetar aquest registre!
|
| Thư viện lưu trữ: | Trung tâm Học liệu Trường Đại học Cần Thơ |
|---|
| LEADER | 00951nam a2200205Ia 4500 | ||
|---|---|---|---|
| 001 | CTU_13840 | ||
| 008 | 210402s9999 xx 000 0 und d | ||
| 082 | |a 952 | ||
| 082 | |b H307 | ||
| 110 | |a Hiệp Hội Quốc Tế Thông Tin về Giáo Dục | ||
| 245 | 0 | |a Nhật Bản ngày nay | |
| 245 | 0 | |c Hiệp Hội Quốc Tế Thông Tin về Giáo Dục | |
| 260 | |a Tokyo | ||
| 260 | |b Japan Echo | ||
| 260 | |c 1993 | ||
| 520 | |a Quyển sách này cung cấp một số thông tin về đất nước Nhật như sơ lược địa lý, lịch sử từ thời cổ xưa đến nay, chính phủ và ngoại giao, kinh tế sau chiến tranh và hiện nay, khoa học kỹ thuật, xã hội và văn hóa | ||
| 650 | |a Japan,Japan | ||
| 650 | |x Description and travel,History | ||
| 904 | |i Minh, 961212 | ||
| 980 | |a Trung tâm Học liệu Trường Đại học Cần Thơ | ||